• 首页
  • 本馆介绍
  • 公告通知
  • 最新文献
  • 馆藏检索
  • 电子资源
  • 读者导购
  • 参考咨询
  • 我的图书馆
  • 登录
  • 详细信息显示
  • 放入我的书架
  • 预约/预借图书
  • 作者相关作品
  • 分类相关作品
  • 丛书相关作品
  • 出版社相关作品

书目信息

  • 表格格式
  • 工作单格式
  • 卡片格式
题名:
物理学原理在工程技术中的应用
    
 
作者: 马文蔚 主编
分册:  
出版信息: 北京   高等教育出版社  1995
页数: 320页
开本: 20cm
丛书名:
单 册:
中图分类: TB13
科图分类:
主题词: 工程物理学
电子资源:
ISBN: 7-04-004314-9
000 00651nam0 2200217 450
001 0653134701
005 20060820144640.65
010    @a7-04-004314-9@dCNY10.40
100    @a20060820d1995 km y0chiy0120 ea
101 0  @achi
102    @aCN@b110000
102    @aCN@b110000
200 1  @a物理学原理在工程技术中的应用@Awu li xue yuan li zai gong cheng ji shu zhong de ying yong@f马文蔚 主编@Fma wen wei zhu bian
210    @a北京@c高等教育出版社@d1995
210    @a北京@c高等教育出版社
215    @a320页@d20cm
606 0  @a工程物理学
690    @aTB13@v3
701  0 @a马文蔚@Ama wen wei@4主编
801  0 @aCN@bPFT@c20060820
905    @a10447@dTB13@e26
    
    物理学原理在工程技术中的应用/马文蔚 主编.-北京:高等教育出版社,1995.-北京:高等教育出版社
    320页;20cm
    
    
    ISBN 7-04-004314-9:CNY10.40
    
●
相关链接 在E读中查询图书 在五车中查询图书 在当当中查询图书 在豆瓣中查询图书


正题名:物理学原理在工程技术中的应用     索取号:TB13/26         预约/预借

序号 登录号 条形码 馆藏地/架位号 状态 备注
1 0470366   204703669   密集书库/ [索取号:TB13/26] 在馆    
唐山师范学院图书馆 欢迎您!
大连网信软件有限公司© 版权所有